01267naa#a2200241#i#4500001001600000005001700016011001400033100004100047101000800088102000700096200032800103210008300431215001000514608004500524675011000569686005800679700005400737700005000791700005200841700005600893700005600949856002001005RU\\bibl\12299420260630091640.2##a2077-7566##a20260629b2026####ek#y0rusy0150####ca0#aRUS##aRU1#aИНДИВИДУАЛЬНЫЙ НАВИГАЦИОННЫЙ ХИРУРГИЧЕСКИЙ ШАБЛОН ДЛЯ СОЗДАНИЯ ОПЕРАТИВНОГО ДОСТУПА К РЕТИНИРОВАННОМУ ТРЕТЬЕМУ МОЛЯРУ НИЖНЕЙ ЧЕЛЮСТИ: КЛИНИЧЕСКИЙ СЛУЧАЙeЖурнальная статья1#aЕкатеринбургcИздательский Дом «ТИРАЖ»d2026##a5 с.##aЖурнальная статья2local##aСтоматология. Заболевания ротовой полости и зубов. 616.31zRUS##aКлиническая медицина. 76.292grnti#1aКвятковскаяgАнна Павловна#1aБулановgСергей Иванович#1aЛысовgДмитрий Николаевич#1aСофроновgМатвей Витальевич#1aХачатрянgВалерий Наириевич4#adental-press.ru